000 00450nam a2200169 i 4500
001 bg
100 1 _aBAUMANN, Rudeger
245 0 _aGrafika komputerowa :
_bpodstawy i przykłady programowania w Basicu /
_cR. Baumann.
260 _aWarszawa,
_c1989.
650 9 _aBasic
650 9 _aGrafika komputerowa
040 _cBPK
041 _apol
080 _a681.322.06:681.327:741/744:514
942 _cKS
008 s pl f |000 0 pol
999 _c3982
_d3982
856 _uhttp://koha.tu.koszalin.pl/cgi-bin/koha/opac-detail.pl?biblionumber=3982
_yKatalog online BPK